00824nam a22002657a 4500999001500000001000600015003000900021005001700030008004100047020001500088020001800103040002800121082001900149245003100168250001200199260003600211300003000247504005100277650003100328650002300359710001100382710003600393942001200429952011700441 c6552d655215305BD-DhUAP20210104095748.0210104s2009 ii b 001 0 eng  a8170126479 a9788170126478 aDLCcDLCdBD-DhUAPbEng 223a342.54 CON00aThe Constitution of India. a1st ed. aLucknow :bEastern Book,c2009. axlvi, 429 pages ;c20 cm. aIncludes bibliographical references and index. 0aConstitutional lawzIndia. 0aLaw reformzIndia. aIndia. aNational Law University, Delhi. 2ddccBK 00102ddc4070aUAPCLbUAPCLcGeneral Stacksd2021-01-04o342.54 CONp3010015305r2021-01-04t1w2021-01-04yBK